ბათუმის შოთა რუსთაველის სახელმწიფო უნივერსიტეტის ბიბლიოთეკა

Филогения,флорогенетика,флорография,систематика (ბიბ.ჩანაწერი № 45504)

000 -LEADER
fixed length control field 00627nam a2200205Ia 4500
001 - CONTROL NUMBER
control field 12329
003 - CONTROL NUMBER IDENTIFIER
control field GE_BSU
008 - FIXED-LENGTH DATA ELEMENTS--GENERAL INFORMATION
fixed length control field 181216s||||||||xx |||||||||||||| ||und||
040 ## - CATALOGING SOURCE
Transcribing agency GE_BSU
080 ## - UNIVERSAL DECIMAL CLASSIFICATION NUMBER
Universal Decimal Classification number 581:582
100 ## - MAIN ENTRY--PERSONAL NAME
Personal name Попов,М.Г.
245 ## - TITLE STATEMENT
Title Филогения,флорогенетика,флорография,систематика
245 ## - TITLE STATEMENT
Statement of responsibility, etc. Ред.А.В.Янковская
260 ## - PUBLICATION, DISTRIBUTION, ETC.
Place of publication, distribution, etc. Киев
260 ## - PUBLICATION, DISTRIBUTION, ETC.
Name of publisher, distributor, etc. Наука думка
260 ## - PUBLICATION, DISTRIBUTION, ETC.
Date of publication, distribution, etc. 1983
300 ## - PHYSICAL DESCRIPTION
Extent 279стр.25см.
653 ## - INDEX TERM--UNCONTROLLED
Uncontrolled term Филогения,флорогенетика,флорография,систематика
942 ## - ADDED ENTRY ELEMENTS (KOHA)
Koha item type წიგნი
ეგზემპლარები
Withdrawn status Lost status Damaged status Not for loan Date acquired Barcode Date last seen Price effective from Koha item type
        2018-12-17 20486 2018-12-17 2018-12-17 წიგნი
        2018-12-17 20487 2018-12-17 2018-12-17 წიგნი